Equipe Royal Academy All Time - Statistiques

Statistiques générales
  • Ce quiz a été pris 49 fois
  • Le résultat moyen est 6 sur 16
Statistiques - réponses
Hint Réponse % Correct
MC et Capitaine Jude Sharp
96%
GK Joseph King
87%
BU David Samford
82%
MC Caleb Stonewall
62%
BU Daniel Hatch
49%
DC Dracon Yale
36%
DD Nathan Swift
33%
BU Rex Remington
31%
MG Derek Swing
27%
GK Preston Princeton
20%
MC Herman Waldon
16%
DC Peter Drent
13%
BU Colby Columbia
11%
DG Arthur Ascot
7%
DC Topher Groin
7%
MD Sue Sparrow
4%
Aucun quiz correspondant
Distribution des résultats
% des personnes avec chaque résultat
Percentile par nombre de réponses
Votre historique - résultats
Vous n’avez pas pris ce quiz